| 000 | 01223nam0a22003131 4500 | ||
|---|---|---|---|
| 001 | RU\NLR\INFOCOMM_17\5000674193 | ||
| 005 | 20250613100520.0 | ||
| 035 | _a(NLR Aleph) 009348029 | ||
| 090 |
_a9545667 _c9545667 |
||
| 100 | _a20101112d1974 |||y0rusy50 ca | ||
| 101 | 0 | _aeng | |
| 102 | _aRU | ||
| 105 | _aa ||||000|y | ||
| 200 | 1 |
_aThe influence of the shell structure on the moment of inertia _eThe average behaviour of the moment of inertia _fS. Frauendorf, V. V. Pashkevich |
|
| 210 |
_aДубна _d1974 |
||
| 215 |
_a23 с. _cил. _d22 см |
||
| 225 | 1 |
_a[Издания] _fОбъедин. ин-т ядерных исследований _iЛаборатория теоретической физики _vЕ4-7804 |
|
| 320 | _aБиблиогр.: с. 22-23 | ||
| 606 |
_aАтомное ядро _xМоменты инерции _xВлияние оболочечной структуры _2nlr_sh1 |
||
| 686 |
_aВ383, 4 _2rubbk |
||
| 686 |
_aВ383.1 _2rubbk |
||
| 700 | 1 |
_aFrauendorf _bS. _gStefan _4070 |
|
| 701 | 1 |
_9z02790 _aPaškevič _bV. V. _4070 |
|
| 790 | 1 |
_9z02701 _aPashkevich _bV. V. _4070 |
|
| 801 | 1 |
_aRU _bNLR _c20101112 |
|
| 801 | 0 |
_aRU _bNLR _gPSBO |
|
| 852 |
_aNLR _jП11/2061 |
||
| 942 | _cBOOK | ||
| 980 | _aNB | ||